Lengua, enseñanza y literatura : esbozos /

Guardado en:
Detalles Bibliográficos
Autor principal: Castro, Américo (autor)
Formato: Libro
Idioma:Español
Publicado: Madrid, España : Victoriano Suárez Editor, 1924
Etiquetas: Agrega una etiqueta
Sin etiquetas, Sé el primero en etiquetar este registro!

MARC

LEADER 00000nam^a2200000^a^4500
001 000448924
005 20250521000000.0
009 20260310123711.169
037 |a Acervo Xavier Clavigero 
041 |a ESP 
091 |a FCA. 02608 
100 |a Castro, Américo  |e (autor) 
245 1 0 |a Lengua, enseñanza y literatura :  |b esbozos / 
264 1 |a Madrid, España :  |b Victoriano Suárez Editor,  |c 1924 
300 |a 334 p. 
336 |a texto  |b txt  |2 rdacontenido 
337 |a sin mediación  |b n  |2 rdamedio 
338 |a volumen  |b nc  |2 rdasoporte 
649 |a XX 
910 |a Fondo Xavier Cacho Vázquez S.J. 
920 |a Impresos - Libros 
930 |a Fondos Especiales 
940 |a Literatura 
905 |a 131 
901 |a 0500377497  |b IT2  |c ESP  |i D  |u 20250521 
902 |a https://opac.biblio.iteso.mx/vufind/Record/000448924